BIBLIOTECA

SENCICO

Cimentaciones de concreto armado en edificaciones / (Registro nro. 5111)

Detalles MARC
000 -LEADER
fixed length control field 01359nam a22002657a 4500
003 - CONTROL NUMBER IDENTIFIER
control field PE SENCICO BE
005 - DATE AND TIME OF LATEST TRANSACTION
control field 20251020182712.0
008 - FIXED-LENGTH DATA ELEMENTS--GENERAL INFORMATION
fixed length control field 250225b |||||||| |||| 00| 0 eng d
040 ## - CATALOGING SOURCE
Original cataloging agency PE SENCICO BE
Transcribing agency PE SENCICO BE
041 ## - LANGUAGE CODE
Language code of text/sound track or separate title spa
082 ## - DEWEY DECIMAL CLASSIFICATION NUMBER
Classification number 624.15337
Item number A4
245 1# - TITLE STATEMENT
Title Cimentaciones de concreto armado en edificaciones /
Statement of responsibility, etc. Jorge Alva Hurtado, Hugo Scaletti Farina, Julio Rivera Feijóo, Roberto Morales, ...[y otros]
250 ## - EDITION STATEMENT
Edition statement [1a ed.]
260 ## - PUBLICATION, DISTRIBUTION, ETC.
Place of publication, distribution, etc. Lima :
Name of publisher, distributor, etc. American Concrete Institute ;
Date of publication, distribution, etc. 1992
300 ## - PHYSICAL DESCRIPTION
Extent 32 páginas :
Other physical details tablas, diagramas ;
Dimensions 20 cm.
505 0# - FORMATTED CONTENTS NOTE
Formatted contents note Mecánica de suelos aplicada a cimentaciones -- Interacción dinámica de suelos y estructuras -- Análisis y diseño estructural de cimentaciones superficiales -- Análisis y diseño estructural de muros de contención -- Cimentaciones profundas en edificaciones
520 3# - SUMMARY, ETC.
Summary, etc. Presenta aspectos mas importantes de la técnica para la elaboración de proyectos en lo referente esta parte, como son los estudios de suelos y métodos para el análisis, diseño y protección de las cimentaciones y muros de concreto armado
650 10 - SUBJECT ADDED ENTRY--TOPICAL TERM
9 (RLIN) 543
Topical term or geographic name entry element Cimentaciones
650 20 - SUBJECT ADDED ENTRY--TOPICAL TERM
9 (RLIN) 550
Topical term or geographic name entry element Concreto armado
650 20 - SUBJECT ADDED ENTRY--TOPICAL TERM
9 (RLIN) 216
Topical term or geographic name entry element Edificaciones
650 20 - SUBJECT ADDED ENTRY--TOPICAL TERM
9 (RLIN) 741
Topical term or geographic name entry element Análisis de estructuras
710 1# - ADDED ENTRY--CORPORATE NAME
Corporate name or jurisdiction name as entry element American Concrete Institute
910 ## - USER-OPTION DATA (OCLC)
User-option data hfp
-- hfp
-- hfp
942 ## - ADDED ENTRY ELEMENTS (KOHA)
Source of classification or shelving scheme Dewey Decimal Classification
Koha item type Libros
Existencias
Fecha de la última vez que lo usaron Pago total Signatura topográfica completa Código de barras Precio efectivo desde Tipo de documento Estado perdido Sistema de clasificación Estado dañado No es para préstamo Retirado Ubicación permanente Ubicación actual Fecha de adquisición Fuente de adquisición
25/02/2025   624.15337/A4 BibLima25020027 25/02/2025 Libros   Dewey Decimal Classification       Biblioteca Central Lima Biblioteca Central Lima 26/02/2024 Donación del Sr. André Maguiña Ballón